[Event "2BLO 1920 Erfurter SK - SK Passau"]
[Site "?"]
[Date "2019.11.24"]
[Round "4.8"]
[White "Casper, Thomas"]
[Black "Linhart, Wolfgang"]
[Result "1/2-1/2"]
[WhiteElo "2354"]
[BlackElo "2142"]
[PlyCount "31"]
[EventDate "2019.??.??"]

1. e4 c5 2. Nf3 e6 3. c3 d5 4. exd5 exd5 5. d4 Nf6 6. Bb5+ Nc6 7. O-O Be7 8.
Bg5 c4 9. Ne5 Bd7 10. Bxc6 bxc6 11. b3 cxb3 12. axb3 O-O 13. b4 Ne4 14. Bxe7
Qxe7 15. Re1 Qd8 16. Qc2 {(=)} 1/2-1/2

[Event "2BLO 1920 Nickelhütte Aue - SV Deggendo"]
[Site "?"]
[Date "2019.11.24"]
[Round "4.1"]
[White "Sedlak, Nikola"]
[Black "Erdos, Viktor"]
[Result "1/2-1/2"]
[WhiteElo "2557"]
[BlackElo "2613"]
[PlyCount "43"]
[EventDate "2019.??.??"]

1. d4 Nf6 2. Nf3 g6 3. Bf4 Bg7 4. c3 O-O 5. Nbd2 d6 6. e4 Nbd7 7. Bc4 e5 8.
dxe5 Nxe5 9. Nxe5 dxe5 10. Bxe5 Nxe4 11. Bxg7 Re8 12. Nxe4 Rxe4+ 13. Be2 Qxd1+
14. Rxd1 Kxg7 15. f3 Re7 16. Rd8 b6 17. c4 Bb7 18. Rxa8 Bxa8 19. Kf2 Rd7 20.
Rd1 Rxd1 21. Bxd1 Kf6 22. Ke3 {(=)} 1/2-1/2

[Event "2BLO 1920 Nickelhütte Aue - SV Deggendo"]
[Site "?"]
[Date "2019.11.24"]
[Round "4.2"]
[White "Antal, Gergely"]
[Black "Delchev, Aleksander"]
[Result "1/2-1/2"]
[WhiteElo "2562"]
[BlackElo "2561"]
[PlyCount "144"]
[EventDate "2019.??.??"]

1. e4 e5 2. Nf3 Nc6 3. Bc4 Nf6 4. Ng5 d5 5. exd5 Na5 6. Bb5+ Bd7 7. Qe2 Be7 8.
Nc3 Bxb5 9. Qxb5+ c6 10. dxc6 Nxc6 11. O-O O-O 12. Qxb7 Nd4 13. Nge4 Nxc2 14.
Nxf6+ Bxf6 15. Rb1 Qd3 16. Qe4 Qxe4 17. Nxe4 Be7 18. b3 f5 19. Ng3 Rad8 20. Bb2
Rxd2 21. Rbd1 Rxd1 22. Rxd1 e4 23. Rd2 Ne1 24. Rd7 Bf6 25. Bxf6 Rxf6 26. Rxa7
g6 27. Kf1 Nd3 28. Rc7 Rd6 29. a4 Nf4 30. Rc1 Rd2 31. Ra1 Nd3 32. a5 Rxf2+ 33.
Kg1 Rc2 34. a6 Rc8 35. Ne2 Kf7 36. a7 Ra8 37. Nc3 Ke6 38. Ra6+ Kd7 39. Nb5 Kc8
40. Rb6 Nf4 41. h4 Nd5 42. Rd6 Nb4 43. h5 gxh5 44. Rf6 Kb7 45. Rxf5 Nc6 46.
Rxh5 Kb6 47. Kf2 Nxa7 48. Nd4 Rf8+ 49. Ke3 Rg8 50. Rh6+ Kc5 51. Rxh7 Nc8 52.
Rc7+ Kd6 53. Rc2 Ne7 54. Kxe4 Rg4+ 55. Kd3 Nd5 56. Nf5+ Kd7 57. Rc4 Nf4+ 58.
Kc3 Nd5+ 59. Kd3 Nf4+ 60. Kc3 Nd5+ 61. Kb2 Rxg2+ 62. Ka3 Rf2 63. Ng3 Ne3 64.
Rc3 Nc2+ 65. Ka4 Rf4+ 66. Ka5 Nd4 67. Kb6 Rf3 68. Rxf3 Nxf3 69. b4 Nd4 70. Ne4
Nc2 71. b5 Nd4 72. Kc5 Nxb5 1/2-1/2

[Event "2BLO 1920 Nickelhütte Aue - SV Deggendo"]
[Site "?"]
[Date "2019.11.24"]
[Round "4.3"]
[White "Bogosavljevic, Boban"]
[Black "Meijers, Viesturs"]
[Result "1-0"]
[WhiteElo "2506"]
[BlackElo "2434"]
[PlyCount "69"]
[EventDate "2019.??.??"]

1. d4 Nf6 2. Bg5 e6 3. e4 c5 4. d5 d6 5. Nc3 Be7 6. Bb5+ Bd7 7. Bxd7+ Nbxd7 8.
Nf3 O-O 9. O-O Nb6 10. Bf4 exd5 11. exd5 Nh5 12. Bc1 Re8 13. Qd3 Qd7 14. a4 c4
15. Qd1 Rac8 16. a5 Na8 17. Be3 Bf6 18. Nd4 g6 19. a6 b6 20. Qf3 Bg7 21. Nc6
Nf6 22. Bd4 Ng4 23. Bxg7 Kxg7 24. Nb5 Ne5 25. Qc3 Kg8 26. Nbxa7 Nxc6 27. Nxc8
Ne5 28. Nxd6 Qxd6 29. Rfe1 Re7 30. h3 Qxd5 31. Rad1 Qa5 32. Qxa5 bxa5 33. f4
Ra7 34. Rxe5 Rxa6 35. Rc5 1-0

[Event "2BLO 1920 Nickelhütte Aue - SV Deggendo"]
[Site "?"]
[Date "2019.11.24"]
[Round "4.4"]
[White "Slobodjan, Roman"]
[Black "Stojanovic, Dalibor"]
[Result "1/2-1/2"]
[WhiteElo "2456"]
[BlackElo "2506"]
[PlyCount "25"]
[EventDate "2019.??.??"]

1. e4 e5 2. Nf3 Nc6 3. d4 exd4 4. Bc4 Nf6 5. Ng5 d5 6. exd5 Ne5 7. Qxd4 Nxc4 8.
Qxc4 Qxd5 9. Qe2+ Be7 10. O-O Bg4 11. f3 Be6 12. Nxe6 Qxe6 13. Qxe6 1/2-1/2

[Event "2BLO 1920 Nickelhütte Aue - SV Deggendo"]
[Site "?"]
[Date "2019.11.24"]
[Round "4.5"]
[White "Popovic, Dusan"]
[Black "Gaponenko, Inna"]
[Result "1-0"]
[WhiteElo "2484"]
[BlackElo "2427"]
[PlyCount "81"]
[EventDate "2019.??.??"]

1. d4 d5 2. Nf3 Nf6 3. Bf4 c5 4. e3 Nc6 5. Nbd2 cxd4 6. exd4 Bf5 7. Bb5 Qb6 8.
c4 dxc4 9. a4 e6 10. Nxc4 Bb4+ 11. Bd2 Bxd2+ 12. Qxd2 Qc7 13. Qb4 Qe7 14. Nd6+
Kf8 15. Bxc6 bxc6 16. Qa3 Rd8 17. Nxf5 exf5+ 18. Qxe7+ Kxe7 19. O-O Nd7 20.
Rfc1 Kd6 21. b4 Rb8 22. Rc4 Rhc8 23. a5 Rb5 24. Rac1 f6 25. Ne1 Nf8 26. Nc2 Ne6
27. g3 f4 28. Kg2 g5 29. h3 h5 30. Kf3 f5 31. gxf4 Nxf4 32. Na3 Rbb8 33. b5 Ne6
34. Rxc6+ Rxc6 35. Rxc6+ Kd5 36. Ra6 Nxd4+ 37. Kg2 Rb7 38. Rf6 Ke5 39. a6 Rb8
40. Rf7 Nxb5 41. Rb7 1-0

[Event "2BLO 1920 Nickelhütte Aue - SV Deggendo"]
[Site "?"]
[Date "2019.11.24"]
[Round "4.6"]
[White "#, Radek"]
[Black "Cabarkapa, Novak"]
[Result "1/2-1/2"]
[WhiteElo "2402"]
[BlackElo "2456"]
[PlyCount "114"]
[EventDate "2019.??.??"]

1. Nf3 d5 2. b3 c5 3. e4 dxe4 4. Ng5 Bf5 5. Nc3 Nf6 6. Bb5+ Nc6 7. Qe2 h6 8.
Ngxe4 Nxe4 9. Nxe4 Qd4 10. Nc3 Rc8 11. Bb2 a6 12. Bxc6+ Rxc6 13. O-O-O c4 14.
b4 e6 15. Nb5 Qd3 16. Qxd3 cxd3 17. Nd4 Rxc2+ 18. Nxc2 dxc2 19. Rde1 Bxb4 20.
Re3 O-O 21. Ba3 Bxa3+ 22. Rxa3 Rd8 23. Re1 Rd4 24. Ree3 Be4 25. f3 Bd5 26. Rec3
g5 27. Kxc2 Kg7 28. Kd1 Rb4 29. Kc2 Rh4 30. h3 Kf6 31. Rc7 h5 32. Kd3 Rb4 33.
Ke3 Rb2 34. Rd7 Bxa2 35. Rc3 Bd5 36. Rcc7 Bc6 37. Rxf7+ Ke5 38. Rc8 Rb3+ 39. d3
Kd6 40. Rg7 a5 41. Rxg5 a4 42. Ra5 b6 43. Ra7 h4 44. Rxc6+ Kxc6 45. Rxa4 Rb2
46. Rxh4 Rxg2 47. Re4 Kd6 48. Kf4 Rh2 49. Kg3 Rd2 50. d4 b5 51. h4 b4 52. h5 b3
53. h6 b2 54. h7 b1=Q 55. h8=Q Qg1+ 56. Kf4 Qh2+ 57. Qxh2 Rxh2 1/2-1/2

[Event "2BLO 1920 Nickelhütte Aue - SV Deggendo"]
[Site "?"]
[Date "2019.11.24"]
[Round "4.7"]
[White "Krstic, Petar"]
[Black "Eichner, Sebastian"]
[Result "1/2-1/2"]
[WhiteElo "2312"]
[BlackElo "2341"]
[PlyCount "30"]
[EventDate "2019.??.??"]

1. e4 e5 2. Nf3 Nf6 3. Nxe5 d6 4. Nf3 Nxe4 5. Nc3 Nxc3 6. dxc3 Be7 7. Be3 Nc6
8. Qd2 Be6 9. O-O-O Qd7 10. Kb1 Ne5 11. Be2 Bf6 12. Bg5 Qe7 13. Bxf6 Qxf6 14.
Bb5+ Nd7 15. Rhe1 O-O-O {(=)} 1/2-1/2

[Event "2BLO 1920 Nickelhütte Aue - SV Deggendo"]
[Site "?"]
[Date "2019.11.24"]
[Round "4.8"]
[White "Spiess, Gunter"]
[Black "Firlbeck, Hubert"]
[Result "1-0"]
[WhiteElo "2394"]
[BlackElo "2082"]
[PlyCount "103"]
[EventDate "2019.??.??"]

1. d4 Nf6 2. Nf3 e6 3. c4 Bb4+ 4. Nbd2 d5 5. Qc2 O-O 6. g3 Ne4 7. Bg2 f5 8. O-O
Bd6 9. Ne1 Nc6 10. e3 Nb4 11. Qb1 a5 12. a3 Na6 13. cxd5 exd5 14. Qa2 Nf6 15.
Bxd5+ Nxd5 16. Qxd5+ Kh8 17. Nc4 Rf6 18. Nxd6 Rxd6 19. Qe5 Rd5 20. Qf4 c5 21.
Nf3 h6 22. Qh4 Qxh4 23. Nxh4 cxd4 24. Ng6+ Kh7 25. Nf4 Rd6 26. exd4 g5 27. Ne2
Be6 28. Re1 Nc7 29. Nc3 Rxd4 30. Be3 Rd7 31. Bb6 Bb3 32. Re5 Nd5 33. Nxd5 Rxd5
34. Re7+ Kg6 35. Rae1 Rd6 36. Bc7 Rc6 37. Be5 Rac8 38. Bc3 b6 39. f3 a4 40.
Rg7+ Kh5 41. h3 Rxc3 42. bxc3 Rxc3 43. Kf2 Bc4 44. g4+ Kh4 45. gxf5 Bd5 46. Re3
Rc2+ 47. Ke1 Kg3 48. Rd7 Kf4 49. Re2 Rc5 50. f6 Bxf3 51. f7 Rf5 52. Re8 1-0

[Event "2BLO 1920 SF Bad Mergentheim - SC NT Nü"]
[Site "?"]
[Date "2019.11.24"]
[Round "4.1"]
[White "Milov, Leonid"]
[Black "Karpatchev, Aleksandr"]
[Result "1/2-1/2"]
[WhiteElo "2458"]
[BlackElo "2421"]
[PlyCount "63"]
[EventDate "2019.??.??"]

1. d4 d5 2. c4 dxc4 3. e4 Nf6 4. e5 Nd5 5. Bxc4 Nb6 6. Bd3 Nc6 7. Ne2 Bg4 8. f3
Bh5 9. Nbc3 e6 10. Be4 Bg6 11. O-O Be7 12. Bxc6+ bxc6 13. Nf4 O-O 14. Ne4 a5
15. Nxg6 fxg6 16. Be3 Nd5 17. Bf2 Qd7 18. Rc1 Rfb8 19. b3 a4 20. bxa4 Rb4 21.
Qc2 Rbxa4 22. Qxc6 Qxc6 23. Rxc6 Kf7 24. Nc3 Nxc3 25. Rxc3 Bd8 26. Ra1 Rxa2 27.
Rxa2 Rxa2 28. g3 Ke8 29. h4 Kd7 30. Rb3 Ra8 31. Kg2 Be7 32. Rb2 1/2-1/2

[Event "2BLO 1920 SF Bad Mergentheim - SC NT Nü"]
[Site "?"]
[Date "2019.11.24"]
[Round "4.2"]
[White "Ikonnikov, Vyacheslav"]
[Black "Yelisieiev, Yevhenii"]
[Result "1/2-1/2"]
[WhiteElo "2505"]
[BlackElo "2402"]
[PlyCount "83"]
[EventDate "2019.??.??"]

1. d4 d5 2. c4 e6 3. Nf3 Nf6 4. Nc3 Bb4 5. Qa4+ Nc6 6. e3 O-O 7. Bd2 Re8 8. Qc2
h6 9. a3 Bd6 10. c5 Bf8 11. Bb5 Nd7 12. O-O Ncb8 13. b4 c6 14. Bd3 e5 15. dxe5
Nxe5 16. Nxe5 Rxe5 17. e4 a5 18. Bf4 Re8 19. exd5 cxd5 20. Rad1 Be6 21. Nb5
axb4 22. Nc7 Rxa3 23. Nxe8 Qxe8 24. Bd2 b3 25. Qb2 Bxc5 26. Ra1 Qa4 27. Rxa3
Bxa3 28. Ra1 Bxb2 29. Rxa4 Na6 30. Ra5 d4 31. Rb5 g6 32. Kf1 Kg7 33. Ke2 Ba3
34. Bf4 Bc5 35. Rxb7 Nb4 36. Be5+ Kf8 37. Bxd4 Bxd4 38. Rxb4 Bc3 39. Rb7 Kg7
40. g3 Kf6 41. Be4 Bd4 42. f4 1/2-1/2

[Event "2BLO 1920 SF Bad Mergentheim - SC NT Nü"]
[Site "?"]
[Date "2019.11.24"]
[Round "4.3"]
[White "Mischustov, Michael"]
[Black "Kazakouski, Valery"]
[Result "1/2-1/2"]
[WhiteElo "2345"]
[BlackElo "2483"]
[PlyCount "160"]
[EventDate "2019.??.??"]

1. e4 c5 2. Nf3 a6 3. g3 b5 4. Bg2 Bb7 5. d3 e6 6. O-O d6 7. Re1 Nf6 8. Nbd2
Be7 9. c3 Qb6 10. a4 Nc6 11. axb5 axb5 12. Rxa8+ Bxa8 13. Nf1 O-O 14. h3 Rc8
15. N1h2 b4 16. c4 Bb7 17. Ng4 Ra8 18. Be3 Nxg4 19. hxg4 Bf6 20. Qd2 Ra2 21.
Rb1 Qa7 22. Kh2 g6 23. Bh6 Ra1 24. Qf4 Ne5 25. Kh3 Bh8 26. Qg5 Nc6 27. Rxa1
Qxa1 28. e5 dxe5 29. Qe3 Nd4 30. Nxd4 exd4 31. Qg5 Bxg2+ 32. Kxg2 Qa8+ 33. f3
Qc8 34. Qe7 Bg7 35. Bxg7 Kxg7 36. g5 Qf8 37. Qf6+ Kg8 38. Qe5 h6 39. f4 hxg5
40. fxg5 Qa8+ 41. Kf2 Qa4 42. Qb8+ Kg7 43. Qe5+ Kh7 44. Qf6 Qa7 45. Qf4 Kg8 46.
g4 Kf8 47. Qd6+ Ke8 48. Ke2 Qa5 49. Kf2 b3 50. Ke2 Qa8 51. Kf2 Qa7 52. Ke2 Qa5
53. Qb8+ Ke7 54. Qxb3 Qa8 55. Kf2 Qh1 56. Kg3 Qe1+ 57. Kh3 Qe3+ 58. Kh4 Qf2+
59. Kh3 Qf3+ 60. Kh2 Qf4+ 61. Kh3 Qxg5 62. Qb6 Qe3+ 63. Kh4 Qe1+ 64. Kh3 Qe5
65. b4 Qe3+ 66. Kh4 Qe1+ 67. Kg5 Qd2+ 68. Kh4 Qxb4 69. Qc7+ Kf8 70. Qe5 Qa5 71.
Qd6+ Kg8 72. Kg5 Qe1 73. Kf6 Qf2+ 74. Ke7 Kg7 75. Qxc5 Qf4 76. Ke8 Qb8+ 77. Kd7
Qf4 78. Ke8 e5 79. Qf8+ Kh7 80. g5 e4 1/2-1/2

[Event "2BLO 1920 SF Bad Mergentheim - SC NT Nü"]
[Site "?"]
[Date "2019.11.24"]
[Round "4.4"]
[White "Rakotomaharo, Fy Antenaina"]
[Black "Promyshlyanskiy, Vitaliy"]
[Result "1-0"]
[WhiteElo "2439"]
[BlackElo "2271"]
[PlyCount "75"]
[EventDate "2019.??.??"]

1. e4 Nc6 2. d4 e5 3. dxe5 Nxe5 4. Nc3 Bb4 5. Bd2 Nf6 6. Qe2 Qe7 7. O-O-O c6 8.
f4 Ng6 9. g3 Bxc3 10. Bxc3 Qxe4 11. Qxe4+ Nxe4 12. Re1 d5 13. Bxg7 Rg8 14. Bd4
Be6 15. Nf3 b6 16. Bd3 O-O-O 17. Ng5 Nxg5 18. fxg5 Bh3 19. b4 Rde8 20. c4 dxc4
21. Bxc4 Be6 22. Bxe6+ Rxe6 23. Rxe6 fxe6 24. Bf6 Re8 25. h4 Nf8 26. h5 Nd7 27.
Bg7 Rg8 28. h6 Nf8 29. Rf1 Ng6 30. Rf6 Nh8 31. Bxh8 Rxh8 32. Rf7 a6 33. g6 hxg6
34. h7 Kd8 35. Rg7 Ke8 36. Rg8+ Kf7 37. Rxh8 Kg7 38. Re8 1-0

[Event "2BLO 1920 SF Bad Mergentheim - SC NT Nü"]
[Site "?"]
[Date "2019.11.24"]
[Round "4.5"]
[White "Kirchner, Thomas"]
[Black "Gasthofer, Alexander"]
[Result "0-1"]
[WhiteElo "2304"]
[BlackElo "2415"]
[PlyCount "102"]
[EventDate "2019.??.??"]

1. e4 d5 2. exd5 Nf6 3. Nf3 Nxd5 4. d4 Bg4 5. c3 e6 6. Nbd2 Nd7 7. h3 Bh5 8.
Ne4 Be7 9. Ng3 Bg6 10. Bc4 O-O 11. O-O c6 12. Re1 Re8 13. Bd2 Qc7 14. Rc1 Rad8
15. b4 h6 16. Qb3 Bd6 17. Ne4 Bf4 18. Qd1 Bh5 19. g3 Bxd2 20. Nexd2 e5 21. g4
Bg6 22. Bxd5 cxd5 23. dxe5 Nxe5 24. Nxe5 Rxe5 25. Nf3 Re4 26. Qd2 Rde8 27. Rxe4
dxe4 28. Re1 Rc8 29. Nh4 Rd8 30. Qc1 Bh7 31. Ng2 Rd3 32. Re3 Qd6 33. Qf1 g5 34.
Qe2 Rd1+ 35. Ne1 Rd2 36. Qc4 Qf4 37. Re2 e3 38. Qxf4 gxf4 39. Kf1 Rd1 40. fxe3
Bd3 41. exf4 Rc1 42. h4 Bxe2+ 43. Kxe2 Rxc3 44. a4 b6 45. Nd3 Ra3 46. Ke3 Rxa4
47. Kd4 a5 48. Kc4 Ra1 49. Kb5 a4 50. Kxb6 a3 51. b5 Rb1 0-1

[Event "2BLO 1920 SF Bad Mergentheim - SC NT Nü"]
[Site "?"]
[Date "2019.11.24"]
[Round "4.7"]
[White "Walter, Florian"]
[Black "Gross, Willi"]
[Result "0-1"]
[WhiteElo "2213"]
[BlackElo "2129"]
[PlyCount "84"]
[EventDate "2019.??.??"]

1. c4 g6 2. g3 Bg7 3. Bg2 d6 4. Nc3 Nf6 5. Nf3 O-O 6. O-O e5 7. d3 Nc6 8. Rb1
a5 9. a3 Nd4 10. Nd2 c6 11. e3 Nf5 12. b4 axb4 13. axb4 Ne7 14. Nf3 h6 15. b5
Bg4 16. h3 Be6 17. bxc6 bxc6 18. Qc2 Nd7 19. Bb2 Qc7 20. Ne2 Nc5 21. Ra1 Bf5
22. e4 Bd7 23. d4 Ne6 24. dxe5 dxe5 25. Rfd1 Rxa1 26. Bxa1 c5 27. Bxe5 Bxe5 28.
Nxe5 Qxe5 29. Rxd7 Nc6 30. f4 Qa1+ 31. Kh2 Ned4 32. Nxd4 Nxd4 33. Qd3 Rb8 34.
e5 Rb2 35. e6 Nxe6 36. f5 Qa2 37. Qd5 gxf5 38. h4 Rf2 39. Kh3 Qe2 40. Qa8+ Kg7
41. Qb7 Kg6 42. Rxf7 Ng5+ 0-1

[Event "2BLO 1920 SF Bad Mergentheim - SC NT Nü"]
[Site "?"]
[Date "2019.11.24"]
[Round "4.8"]
[White "Reinhardt, Bernd"]
[Black "Albrecht, Hans"]
[Result "1/2-1/2"]
[WhiteElo "2189"]
[BlackElo "2189"]
[PlyCount "89"]
[EventDate "2019.??.??"]

1. d4 Nf6 2. Nf3 e6 3. Bf4 b6 4. e3 Ba6 5. Bd3 Bxd3 6. Qxd3 Be7 7. O-O d5 8. c4
O-O 9. Nc3 a6 10. cxd5 exd5 11. Ne5 Nh5 12. Ne2 f6 13. Nf3 Nxf4 14. Nxf4 Qd6
15. Nh4 c6 16. Rac1 Rf7 17. Nf5 Qd7 18. e4 Bd6 19. Nh5 Bf8 20. exd5 Qxd5 21.
Nf4 Qd7 22. d5 cxd5 23. Nxd5 Ra7 24. Rfd1 g6 25. Ng3 b5 26. Qf3 Kh8 27. Ne4 Qe6
28. Nexf6 Nd7 29. Qg4 Qe5 30. Nxd7 Raxd7 31. Nc3 Rxd1+ 32. Rxd1 b4 33. Na4 Rf4
34. Qc8 Qe2 35. Rf1 Kg7 36. Qd7+ Kh6 37. g3 Rf5 38. h4 Be7 39. Qd4 Re5 40. Qf4+
Kg7 41. Rc1 Re4 42. Qc7 Kh6 43. Qc2 Qg4 44. Qd2+ Kg7 45. Re1 1/2-1/2

[Event "2BLO 1920 FC Bayern München II - SC Gar"]
[Site "?"]
[Date "2019.11.24"]
[Round "4.1"]
[White "Stocek, Jiri"]
[Black "Belezky, Alexander"]
[Result "1/2-1/2"]
[WhiteElo "2570"]
[BlackElo "2374"]
[PlyCount "113"]
[EventDate "2019.??.??"]

1. d4 Nf6 2. c4 e6 3. Nc3 Bb4 4. Qc2 Nc6 5. e3 O-O 6. Bd2 d6 7. Bd3 e5 8. Nge2
Bg4 9. d5 Ne7 10. a3 Bxc3 11. Bxc3 Bh5 12. h3 Bg6 13. e4 Nd7 14. g4 Nc5 15. b4
Nxd3+ 16. Qxd3 c6 17. f4 f6 18. O-O cxd5 19. cxd5 Qb6+ 20. Kg2 Be8 21. a4 Ng6
22. f5 Nh8 23. Bd2 Nf7 24. Rfc1 Bd7 25. b5 Rfc8 26. Nc3 a6 27. a5 Qd4 28. Qxd4
exd4 29. bxa6 bxa6 30. Ne2 Re8 31. Nxd4 Rxe4 32. Bc3 Rc8 33. Rab1 h5 34. Re1
Re5 35. Nc6 Bxc6 36. dxc6 Rxe1 37. Bxe1 Rxc6 38. gxh5 Ne5 39. Rb6 Kh7 40. Bb4
d5 41. Bd6 Rc2+ 42. Kg3 Nc4 43. Rxa6 Ra2 44. Bb4 Ra4 45. Bf8 Rxa5 46. Rxa5 Nxa5
47. Kf3 Nc4 48. Ke2 Ne5 49. Ke3 Nc6 50. h4 Kh6 51. Kd3 Kxh5 52. Bxg7 Kxh4 53.
Bxf6+ Kg4 54. Bc3 Kxf5 55. Ke3 d4+ 56. Bxd4 Nxd4 57. Kxd4 1/2-1/2

[Event "2BLO 1920 FC Bayern München II - SC Gar"]
[Site "?"]
[Date "2019.11.24"]
[Round "4.2"]
[White "Grafl, Florian"]
[Black "Krivoborodov, Egor"]
[Result "1/2-1/2"]
[WhiteElo "2344"]
[BlackElo "2518"]
[PlyCount "57"]
[EventDate "2019.??.??"]

1. b3 Nf6 2. Bb2 e6 3. e3 b6 4. f4 Bb7 5. Nf3 Be7 6. g3 O-O 7. Bg2 c5 8. O-O
Nc6 9. Qe2 d5 10. Ne5 Nxe5 11. fxe5 Nd7 12. c4 f6 13. Qg4 f5 14. Qh3 Qc7 15.
cxd5 Nxe5 16. dxe6 Nd3 17. Bc3 b5 18. a3 Bxg2 19. Qxg2 Rad8 20. b4 Qd6 21. bxc5
Nxc5 22. Ba5 Rb8 23. Nc3 Qxe6 24. Rab1 Ne4 25. Nxe4 fxe4 26. Rxf8+ Bxf8 27. Bb4
Qd5 28. d4 Rc8 29. Re1 1/2-1/2

[Event "2BLO 1920 FC Bayern München II - SC Gar"]
[Site "?"]
[Date "2019.11.24"]
[Round "4.3"]
[White "Hess, Max"]
[Black "Schenk, Andreas"]
[Result "1/2-1/2"]
[WhiteElo "2378"]
[BlackElo "2430"]
[PlyCount "30"]
[EventDate "2019.??.??"]

1. e4 c6 2. d4 d5 3. exd5 cxd5 4. Bd3 Nc6 5. c3 Nf6 6. Bf4 Bg4 7. Qb3 Qd7 8.
Nd2 e6 9. Ngf3 Bd6 10. Bxd6 Qxd6 11. O-O Bxf3 12. Nxf3 Qc7 13. Rfe1 O-O 14. g3
Rab8 15. a4 Rfe8 1/2-1/2

[Event "2BLO 1920 FC Bayern München II - SC Gar"]
[Site "?"]
[Date "2019.11.24"]
[Round "4.4"]
[White "Zajogin, Alexander"]
[Black "Renner, Christoph"]
[Result "0-1"]
[WhiteElo "2422"]
[BlackElo "2311"]
[PlyCount "78"]
[EventDate "2019.??.??"]

1. d4 f5 2. b3 Nf6 3. Bb2 g6 4. e3 Bg7 5. h4 d6 6. Nh3 e5 7. dxe5 Ng4 8. Nc3
Bxe5 9. Qd2 Nc6 10. O-O-O Be6 11. Ng5 Qe7 12. f3 Nf6 13. g4 fxg4 14. f4 Bxc3
15. Qxc3 Rf8 16. Bg2 Bd7 17. e4 Nh5 18. e5 Nxf4 19. exd6 Ne2+ 20. Kd2 Qxg5+ 21.
hxg5 Nxc3 22. Rde1+ Kd8 23. Bxc3 Rf2+ 24. Kc1 Rxg2 25. Rxh7 cxd6 26. Rh8+ Kc7
27. Rxa8 Bf5 28. Bd2 g3 29. Rh8 Nd4 30. Rh4 Nf3 31. Re7+ Kc6 32. Rc4+ Kd5 33.
Rf4 Nxd2 34. c4+ Kc5 35. Re3 Rf2 36. Rxf5+ Rxf5 37. Kxd2 Rxg5 38. Re1 g2 39.
Rg1 Kd4 0-1

[Event "2BLO 1920 FC Bayern München II - SC Gar"]
[Site "?"]
[Date "2019.11.24"]
[Round "4.5"]
[White "Koepke, Christian"]
[Black "Webersberger, Johann"]
[Result "1/2-1/2"]
[WhiteElo "2343"]
[BlackElo "2367"]
[PlyCount "31"]
[EventDate "2019.??.??"]

1. e4 e6 2. d4 d5 3. Nc3 Nf6 4. e5 Nfd7 5. Nce2 c5 6. c3 Nc6 7. Nf3 Qb6 8. a3
a5 9. Nf4 a4 10. h4 Qb3 11. Qd3 cxd4 12. cxd4 Na5 13. Rh3 Qxd3 14. Bxd3 Nb3 15.
Rb1 Be7 16. Be3 1/2-1/2

[Event "2BLO 1920 FC Bayern München II - SC Gar"]
[Site "?"]
[Date "2019.11.24"]
[Round "4.6"]
[White "Unzicker, Ferdinand"]
[Black "Koepke, Elena"]
[Result "1/2-1/2"]
[WhiteElo "2323"]
[BlackElo "2308"]
[PlyCount "68"]
[EventDate "2019.??.??"]

1. c4 e5 2. Nc3 Nf6 3. Nf3 Nc6 4. e3 d6 5. d4 Bg4 6. Be2 Be7 7. h3 Bh5 8. d5
Nb8 9. e4 Bg6 10. Qc2 Nbd7 11. Be3 c6 12. Nh4 Nxd5 13. cxd5 Bxh4 14. dxc6 bxc6
15. Qa4 Rc8 16. O-O O-O 17. Qxa7 f5 18. f3 Be7 19. Bc4+ Bf7 20. Qa6 d5 21. exd5
Nc5 22. Bxc5 Bxc5+ 23. Kh1 cxd5 24. Rad1 Bd4 25. Bb3 Bxc3 26. bxc3 Rc5 27. Rd3
Qc7 28. Qa4 Rxc3 29. Rxc3 Qxc3 30. Qd7 Qc8 31. Qb5 Qb8 32. Qd7 Qc8 33. Qb5 Qb8
34. Qd7 Qc8 1/2-1/2

[Event "2BLO 1920 FC Bayern München II - SC Gar"]
[Site "?"]
[Date "2019.11.24"]
[Round "4.7"]
[White "Dehlinger, Alexander"]
[Black "Mai, Philipp"]
[Result "1-0"]
[WhiteElo "2288"]
[BlackElo "2299"]
[PlyCount "91"]
[EventDate "2019.??.??"]

1. Nf3 d6 2. d4 Nf6 3. c4 g6 4. g3 Bg7 5. Bg2 O-O 6. O-O Nbd7 7. Nc3 e5 8. e4
Re8 9. h3 c6 10. Be3 exd4 11. Nxd4 Nc5 12. Qc2 Qe7 13. Rfe1 Bd7 14. f3 h5 15.
h4 Nh7 16. Rad1 Be5 17. Bf2 a6 18. Nb3 Nxb3 19. axb3 Rad8 20. b4 Be6 21. c5
dxc5 22. bxc5 Nf8 23. f4 Bg7 24. e5 Bf5 25. Ne4 Ne6 26. Qc4 Bxe4 27. Bxe4 Rxd1
28. Rxd1 Bf8 29. b4 Kh8 30. Rd6 Kg7 31. Qd3 Rd8 32. Kg2 Qe8 33. f5 gxf5 34.
Bxf5 Bxd6 35. exd6 f6 36. Qf3 Qf7 37. Bd3 Nf8 38. Bd4 Ng6 39. Bc4 Qf8 40. Qxh5
b5 41. Be6 Ne5 42. Bxe5 fxe5 43. Qg5+ Kh8 44. Bf5 Rxd6 45. cxd6 Qxd6 46. Qg6
1-0

[Event "2BLO 1920 FC Bayern München II - SC Gar"]
[Site "?"]
[Date "2019.11.24"]
[Round "4.8"]
[White "Lentrodt, Thomas"]
[Black "Schimpf, Markus"]
[Result "1-0"]
[WhiteElo "2251"]
[BlackElo "2228"]
[PlyCount "77"]
[EventDate "2019.??.??"]

1. d4 Nf6 2. c4 c5 3. d5 e6 4. Nc3 exd5 5. cxd5 d6 6. e4 g6 7. Bb5+ Bd7 8. a4
Bg7 9. Nf3 O-O 10. O-O Bg4 11. Re1 a6 12. Bf1 Re8 13. a5 b5 14. axb6 Qxb6 15.
h3 Bxf3 16. Qxf3 Nbd7 17. Qd1 h6 18. Qc2 g5 19. Be3 Nh7 20. Ra4 a5 21. Nb5 Be5
22. Qd2 Qd8 23. Rea1 Qf6 24. R1a2 Rec8 25. Rxa5 Rxa5 26. Qxa5 Qg6 27. Qa6 Rf8
28. Bd3 g4 29. hxg4 Qxg4 30. Nxd6 Qh4 31. Nf5 Qh2+ 32. Kf1 Ndf6 33. Nxh6+ Kh8
34. Qc6 Qh1+ 35. Ke2 Qxg2 36. Ra8 Nxe4 37. Nxf7+ Kg8 38. Rxf8+ Kxf8 39. Nxe5
1-0

[Event "2BLO 1920 MSA Zugzwang - Münchener Scha"]
[Site "?"]
[Date "2019.11.24"]
[Round "4.1"]
[White "Jones, Gawain C B"]
[Black "Short, Nigel D"]
[Result "1-0"]
[WhiteElo "2663"]
[BlackElo "2632"]
[PlyCount "95"]
[EventDate "2019.??.??"]

1. e4 e5 2. Nf3 Nc6 3. Bb5 a6 4. Ba4 d6 5. O-O Bd7 6. c3 g6 7. d4 Bg7 8. h3 Nf6
9. Re1 O-O 10. Bc2 Nh5 11. Bg5 Qe8 12. Be3 b6 13. Nbd2 Kh8 14. a4 f5 15. exf5
gxf5 16. dxe5 dxe5 17. a5 Bf6 18. axb6 cxb6 19. Nc4 e4 20. Nd4 Rg8 21. Nxb6 Qg6
22. g4 Rad8 23. Nxd7 Rxd7 24. Rxa6 Ne5 25. Kh1 fxg4 26. Rg1 g3 27. Qf1 Rdg7 28.
Rg2 Qe8 29. Bxe4 Ng4 30. Re6 Qf7 31. hxg4 Rxg4 32. Qa6 Nf4 33. Bxf4 Qh5+ 34.
Kg1 gxf2+ 35. Kxf2 Bxd4+ 36. cxd4 Rxf4+ 37. Ke3 Rxe4+ 38. Rxe4 Qh3+ 39. Kd2
Rxg2+ 40. Re2 Rxe2+ 41. Qxe2 Kg7 42. b4 h5 43. b5 Qd7 44. Qe5+ Kg6 45. Qe4+ Kg5
46. b6 Qa4 47. b7 Qb4+ 48. Kc2 1-0

[Event "2BLO 1920 MSA Zugzwang - Münchener Scha"]
[Site "?"]
[Date "2019.11.24"]
[Round "4.2"]
[White "Mons, Leon"]
[Black "Firouzja, Alireza"]
[Result "0-1"]
[WhiteElo "2554"]
[BlackElo "2720"]
[PlyCount "66"]
[EventDate "2019.??.??"]

1. e4 c5 2. Nf3 d6 3. Bb5+ Nd7 4. Ba4 a6 5. c4 e5 6. O-O Ne7 7. b4 Nc6 8. bxc5
Nxc5 9. Bxc6+ bxc6 10. d4 exd4 11. Nxd4 Qc7 12. Bg5 h6 13. Bh4 g5 14. Bg3 Bg7
15. Nc3 h5 16. h4 gxh4 17. Bxh4 Rg8 18. Re1 Be5 19. Qd2 Rg4 20. Nf3 Nd7 21.
Rad1 Bf4 22. Qe2 Ne5 23. Bf6 Be6 24. Nxe5 dxe5 25. c5 Rg6 26. Bh4 Bg4 27. f3
Bh3 28. Rd6 Rxg2+ 29. Qxg2 Bxg2 30. Kxg2 f6 31. Red1 Qg7+ 32. Kh1 Bg5 33. Bf2
Qf7 0-1

[Event "2BLO 1920 MSA Zugzwang - Münchener Scha"]
[Site "?"]
[Date "2019.11.24"]
[Round "4.3"]
[White "Tabatabaei, M.amin"]
[Black "Kindermann, Stefan"]
[Result "1-0"]
[WhiteElo "2630"]
[BlackElo "2474"]
[PlyCount "81"]
[EventDate "2019.??.??"]

1. e4 e6 2. d4 d5 3. Nc3 Nf6 4. e5 Nfd7 5. f4 c5 6. Nf3 a6 7. Be3 Qb6 8. a3 Nc6
9. dxc5 Bxc5 10. Na4 Qa5+ 11. b4 Qxa4 12. bxc5 Qa5+ 13. Qd2 Qxd2+ 14. Kxd2 O-O
15. Bd3 f6 16. exf6 Nxf6 17. Rhf1 Rf7 18. Rab1 Rc7 19. c4 Bd7 20. Rfc1 Rd8 21.
Ke2 Bc8 22. Bf2 dxc4 23. Bxc4 Nd5 24. g3 h6 25. Kf1 Kf8 26. Ba2 Re7 27. Rb2 Nc7
28. Re1 Rd3 29. Nh4 Ke8 30. Bb1 Rxa3 31. Be4 Nb5 32. Ng6 Rc7 33. f5 Kf7 34. Nf4
exf5 35. Bd5+ Kf6 36. Bc4 Nc3 37. Rd2 g5 38. Rd6+ Kg7 39. Nh5+ Kh7 40. Re8 Ra1+
41. Kg2 1-0